000 00570nam a22002297a 4500
003 UA-OsUOA
001 48432
007 ta
008 20070906b un ||||| |||| 00| 0 ukr d
100 _aБурлаков Н. С.
090 _a821.161.1
_bБ91
942 _cBK
040 _aUA-OsUOA
_bukr
_cUA-OsUOA
_dUA-OsUOA
245 _aВалерій Брюсов
300 _a184 с.
955 _a2
041 _aukr
080 _a821.161.1
260 _aМ.
_c1975
650 7 _a82 Література. Літературознавство
_2UDC
999 _c334539
_d334539